Shark Species by Hint - Statistics

General Stats
  • This quiz has been taken 152 times
  • The average score is 10 of 15
Answer Stats
Hint Answer % Correct
most well known shark great white shaark
100%
got its name because of its striped pattern tiger shark
97%
has a long, flat head hammerhead shark
94%
extinct megalodon
93%
got its name because if its size and more gentle nature whale shark
93%
most dangerous shark in the world, one of the "big three" of human shark attacks bull shark
91%
swims with its mouth open to inhale food basking shark
90%
known for being yellowish in color lemon shark
89%
uses its tail as a whip to herd prey into its mouth thresher shark
77%
can extend and retract its mouth to catch prey goblin shark
70%
may have gotten their name from a middle English word that translates to 'cat shark' nurse shark
49%
smallest shark species dwarf lantern shark
36%
named after the warm watered islands where it was first observed galapagos shark
34%
named for its ornate patterns, some subspecies are flat carpet shark
17%
striped member of the catshark family pyjama shark
17%
No matching quizzes found
Score Distribution
Percent of People with Each Score
Percentile by Number Answered
Your Score History
You have not taken this quiz